Advanced Business Economics (Record no. 34015)

MARC details
000 -LEADER
fixed length control field 00425nam a2200181Ia 4500
008 - FIXED-LENGTH DATA ELEMENTS--GENERAL INFORMATION
fixed length control field 220531s9999 xx 000 0 und d
041 ## - LANGUAGE CODE
Language code of text/sound track or separate title eng
082 ## - DEWEY DECIMAL CLASSIFICATION NUMBER
Classification number 338.7
Item number RED
100 ## - MAIN ENTRY--PERSONAL NAME
Personal name Reddy, R. J.
9 (RLIN) 59460
245 ## - TITLE STATEMENT
Title Advanced Business Economics
250 ## - EDITION STATEMENT
Edition statement 1ST
260 ## - PUBLICATION, DISTRIBUTION, ETC. (IMPRINT)
Place of publication, distribution, etc. New Delhi
Name of publisher, distributor, etc. APH
Date of publication, distribution, etc. 2006
300 ## - PHYSICAL DESCRIPTION
Extent 131
542 ## - INFORMATION RELATING TO COPYRIGHT STATUS
Copyright holder 17-03-2006
650 ## - SUBJECT ADDED ENTRY--TOPICAL TERM
Topical term or geographic name as entry element Economics
9 (RLIN) 59461
906 ## - LOCAL DATA ELEMENT F, LDF (RLIN)
d 2005-2006
Holdings
Withdrawn status Lost status Source of classification or shelving scheme Damaged status Not for loan Collection code Home library Current library Date acquired Vendor Cost, normal purchase price Total Checkouts Total Holds Full call number Barcode Date last seen Bill Date Koha item type Original Barcode
    Dewey Decimal Classification       Shri Siddhivinayak Mahila Mahavidyalaya Shri Siddhivinayak Mahila Mahavidyalaya 17/03/2006 System 300.00   1 338.7/RED/B/15017 SSMM-BK-15017 06/08/2022 06/08/2022 Books 010015017